000 01394nam a2200469 a 4500
003 AR-BaBNM
005 20251128204344.0
008 082120s2002 ||||||||||||||000 | spa||
020 _a950-12-2078-8
040 _cAR-BaBNM
245 0 0 _aEl mago sin magia
_bcómo cambiar la situación paradójica del psicólogo en la escuela
260 _aBuenos Aires
_bPaidós
_c1993
300 _a159 p.
_bgráfs.
490 0 _aPaidós educador
500 _aTraducción de Beatriz E. Anastasi de Lonné
500 _aPrefacio de Mara Selvini Palazzoli
504 _aBibliografía p. 158-159
650 4 _aPROCESOS PSICOPEDAGOGICOS
650 4 _aPSICOLOGOS ESCOLARES
650 4 _aALUMNOS ATIPICOS
650 4 _aALUMNOS DEFICIENTES
650 4 _aPSICOANALISIS
650 4 _aPAPEL DE LA COMUNIDAD
650 4 _aCONDUCTA INFANTIL
650 4 _aINVESTIGACION SOBRE LA CONDUCTA
650 4 _aESCUELAS EXPERIMENTALES
650 4 _aENTREVISTAS
653 _aEDUCACION SECUNDARIA
653 _aESTRATEGIAS EDUCATIVAS
700 1 _aSelvini Palazzoli, Mara
700 1 _aCirillo, Stefano
700 1 _aD'Ettorre, L.
700 1 _aGarbellini, M.
700 1 _aGhezzi, D.
700 1 _aLerma, M.
700 1 _aMartino, C.
700 1 _aMazzucchelli, F.
800 1 _aL. de Romero Brest, Gilda
800 1 _aBernstein, Jaime
_efundador
942 _cBK
998 _cCarmen
999 _c7135
_d7135